Klick den Charakter nach Zitat - Statistiken

Allgemein
  • Dieses Quiz wurde 54 mal gespielt
  • Das Durchschnittsergebnis liegt bei 6 aus 21
Antwortstatistiken
Hint Antwort % Korrekt
„Ist Mayonnaise auch ein Instrument?“ Patrick Star
69%
„Ah! Perry das Schnabeltier!“ Heinz Doofenschmirtz
63%
„Ich bin der König der Welt!“ Jack Dawson
62%
„Es wird legen -warte noch- där! Legendär!“ Barney Stinson
50%
„Ich mache ihm ein Angebot, das er nicht ablehnen kann.“ Don Vito Corleone
50%
„Ich bin der, der klopft (I am the one who knocks)“ Walter White
40%
„Die erste Regel des Fight Clubs lautet: Du sprichst nicht über den Fight Club.“ Tyler Durden
38%
„Ja, Wissenschaft! (Yes, science!)“ Jesse Pinkman
27%
„Natürlich kenne ich ihn - ich bin er.(Well, of course I know him. He‘s me.)“ Obi Wan „Ben“ Kenobi
27%
„Wussten Sie, dass Sie Rechte haben? Die Verfassung sagt das, und ich auch!“ Saul Goodman
27%
„Niemand existiert aus einem bestimmten Grund. Niemand gehört irgendwo hin. Alle werden sterben. Komm, wir schauen Fernsehen.“ Rick Sanchez
25%
„Furcht führt zu Wut, Wut führt zu Hass, Hass führt zu Leid.“ Yoda
21%
„Sag Hallo zu meinem kleinen Freund! (Say hello to my little friend!)“ Tony Montana
19%
„Ich finde Käse besser als Kuchen, denn man kann Käsekuchen essen, aber keinen Kuchenkäse!“ Gumball
15%
„Du musst nicht der Böse sein. (You don‘t have to be the bad guy.)“ Emmet Brickowski
12%
„Heute Nacht ist es soweit (Tonight‘s the night)“ Dexter Morgan
10%
„Wenn keine Bullen da sind, ist alles legal.“ „Gronkel“ Stan Pines
10%
„Ich hatte als Kind nicht viel Freunde. (I didn‘t had a lot of friends growing up.)“ Carmy Berzatto „Bear“
8%
„Sei neugierig, nicht verurteilend.“ Ted Lasso
8%
„Wer Respekt will, muss Respekt geben.“ Tony Soprano
6%
„Ich war früher ein Bruder (I used to be a brother.)“ Kevin Von Erich
4%
Keine übereinstimmenden Quizze gefunden
Verteilung der Resultate
Anzahl Personen mit jedem Resultat
Perzentil nach korrekt beantworteten Fragen
Ihre Resultats-Entwicklung
Sie haben dieses Quiz noch nicht gespielt